| 000 | 00942nam a22002657a 4500 | ||
|---|---|---|---|
| 003 | DO-SdBNP | ||
| 005 | 20220203133715.0 | ||
| 008 | 220131b2013 |a||e |||| 001 0aspa d | ||
| 020 | _a9789945882254 | ||
| 040 |
_aDO-SdBNP _bspa _cBNPHU |
||
| 082 | 4 |
_222 _a320.97293 _bL864n |
|
| 100 | 1 | 0 |
_aLópez Reyes, Oscar _981065 |
| 245 | 1 | 0 |
_aNarcisazo, ¿Homicidio o suicidio? : _blas dos caras de una ausencia misteriosa / _cOscar López Reyes ; |
| 260 |
_aSanto Dominigo : _bValdez, _c2013. |
||
| 300 |
_a287 p. : _bil. ; _c22 cm |
||
| 500 | _aIncluye índice. | ||
| 500 | _aIncluye glosario. | ||
| 504 | _aBibliografía : p. 283-287 | ||
| 504 | _aIncluye citas bibliográficas : p. 281-282 | ||
| 590 | _aInventariado, 2022 / SA | ||
| 650 | 4 |
_aGonzález, Narciso _xPersona desaparecida _zRepública Dominicana _981063 |
|
| 650 | 4 |
_aPolítica y gobierno _y1961- _zRepública Dominicana _981064 |
|
| 910 | _asaquino | ||
| 942 |
_2ddc _cLBS1 |
||
| 999 |
_c51270 _d51270 |
||